<?xml version="1.0" encoding="UTF-8"?><?xml-stylesheet type="text/xsl" href="static/style.xsl"?><OAI-PMH xmlns="http://www.openarchives.org/OAI/2.0/" xmlns:xsi="http://www.w3.org/2001/XMLSchema-instance" xsi:schemaLocation="http://www.openarchives.org/OAI/2.0/ http://www.openarchives.org/OAI/2.0/OAI-PMH.xsd"><responseDate>2026-04-18T01:21:43Z</responseDate><request verb="GetRecord" identifier="oai:www.recercat.cat:10459.1/466216" metadataPrefix="marc">https://recercat.cat/oai/request</request><GetRecord><record><header><identifier>oai:recercat.cat:10459.1/466216</identifier><datestamp>2025-09-16T05:08:43Z</datestamp><setSpec>com_2072_3622</setSpec><setSpec>col_2072_478537</setSpec></header><metadata><record xmlns="http://www.loc.gov/MARC21/slim" xmlns:dcterms="http://purl.org/dc/terms/" xmlns:xsi="http://www.w3.org/2001/XMLSchema-instance" xmlns:doc="http://www.lyncode.com/xoai" xsi:schemaLocation="http://www.loc.gov/MARC21/slim http://www.loc.gov/standards/marcxml/schema/MARC21slim.xsd">
   <leader>00925njm 22002777a 4500</leader>
   <datafield ind2=" " ind1=" " tag="042">
      <subfield code="a">dc</subfield>
   </datafield>
   <datafield ind2=" " ind1=" " tag="720">
      <subfield code="a">Sanz Fernández, Adrián</subfield>
      <subfield code="e">author</subfield>
   </datafield>
   <datafield ind2=" " ind1=" " tag="260">
      <subfield code="c">2024-07</subfield>
   </datafield>
   <datafield ind2=" " ind1=" " tag="520">
      <subfield code="a">La digitalización de la administración pública es un imperativo necesario en la era moderna, ya que puede mejorar significativamente la eficiencia y la transparencia de los procesos gubernamentales. Sin embargo, muchos de estos procesos, como la clasificación de textos, pueden ser inicialmente lentos y propensos a errores humanos. Aquí es donde las tecnologías de inteligencia artificial (IA), especialmente el Procesamiento del Lenguaje Natural (PLN), pueden desempeñar un papel crucial. En este trabajo, se realiza un análisis exhaustivo sobre cómo abordar la clasificación de textos a partir de una serie de categorías predefinidas. Este análisis implica explorar diversas técnicas y enfoques de PLN que pueden ser aplicados para automatizar y mejorar la precisión de la clasificación. Se explican las diversas fases, problemas y conclusiones tomadas hasta el desarrollo de una guía para desarrollar soluciones para problemas similares y se presenta un modelo eficaz desarrollado a partir de los hallazgos y experimentos realizados.</subfield>
   </datafield>
   <datafield tag="653" ind2=" " ind1=" ">
      <subfield code="a">Procesamiento del lenguaje natural</subfield>
   </datafield>
   <datafield tag="653" ind2=" " ind1=" ">
      <subfield code="a">Redes neuronales</subfield>
   </datafield>
   <datafield tag="653" ind2=" " ind1=" ">
      <subfield code="a">Machine learning</subfield>
   </datafield>
   <datafield tag="653" ind2=" " ind1=" ">
      <subfield code="a">Inteligencia artificial</subfield>
   </datafield>
   <datafield tag="653" ind2=" " ind1=" ">
      <subfield code="a">Tractament del llenguatge natural (Informàtica)</subfield>
   </datafield>
   <datafield tag="653" ind2=" " ind1=" ">
      <subfield code="a">Intel·ligència artificial</subfield>
   </datafield>
   <datafield ind2="0" ind1="0" tag="245">
      <subfield code="a">Desarrollo de un sistema categorizador de textos multilingüe mediante técnicas de procesamiento de lenguaje natural</subfield>
   </datafield>
</record></metadata></record></GetRecord></OAI-PMH>